[Event "IND-ch (Women) 48th"]
[Site "Hatkanangale"]
[Date "2023.01.03"]
[Round "9"]
[White "Deodhar, Vrushali Umesh"]
[Black "Kalyani, Sirin"]
[Result "1-0"]
[WhiteElo "2108"]
[BlackElo "1578"]
[PlyCount "77"]
[EventDate "2022.12.26"]
[EventType "swiss"]
[EventRounds "11"]
[EventCountry "IND"]
[SourceTitle "CBM 212 Extra"]
[Source "ChessBase"]
[SourceDate "2023.03.31"]
[SourceVersion "1"]
[SourceVersionDate "2023.03.31"]
[SourceQuality "1"]

1. c4 Nf6 2. Nc3 g6 3. g3 Bg7 4. Bg2 0-0 5. Nf3 d6 6. 0-0 a6 7. Rb1 e5 8. b4 c6 9. a4 Nh5 10. d3 h6 11. b5 axb5 12. axb5 Be6 13. Qb3 d5 14. bxc6 bxc6 15. Nd2 Nf6 16. Ba3 Re8 17. Rfc1 Na6 18. Qb7 Qc8 19. Bd6 d4 20. Na4 Qxb7 21. Rxb7 Rad8 22. Ba3 Bd7 23. Ra7 Nb8 24. Rb1 h5 25. Rbb7 Bh6 26. Ne4 Nxe4 27. Bxe4 f5 28. Nc5 fxe4 29. Nxe4 Re6 30. Bd6 Rxd6 31. Nxd6 Be6 32. Ne4 Nd7 33. Rxd7 Bxd7 34. Nf6+ Kh8 35. Nxd7 Bg7 36. Nc5 Rb8 37. Rc7 Rb6 38. Kg2 Kg8 39. Kf3 1-0

[Event "IND-ch U12 Girls"]
[Site "Srinivasapura"]
[Date "2022.04.13"]
[Round "9"]
[White "Devaki, Nandana"]
[Black "Kalyani, Sirin"]
[Result "0-1"]
[WhiteElo "1266"]
[BlackElo "1434"]
[PlyCount "115"]
[EventDate "2022.04.09"]
[EventType "swiss"]
[EventRounds "11"]
[EventCountry "IND"]
[SourceTitle "EXT 2023"]
[Source "ChessBase"]
[SourceDate "2022.10.05"]
[SourceVersion "1"]
[SourceVersionDate "2022.10.05"]
[SourceQuality "1"]

1. e4 e5 2. Nf3 Nc6 3. Bc4 Bc5 4. c3 Nf6 5. d3 d6 6. Bb3 Bg4 7. Nbd2 0-0 8. h3 Be6 9. Bc2 d5 10. Qe2 dxe4 11. dxe4 h6 12. Nf1 Re8 13. Ng3 a5 14. a4 Qd7 15. Nh4 Rad8 16. Qf3 Bc4 17. Nhf5 Bd3 18. Bb3 Nb4 19. Be3 Ba6 20. Ne2 Bxe3 21. Qxe3 Nd3+ 22. Kf1 Nf4 23. c4 Bxc4 24. Nfg3 Nxe4 25. Nxe4 Bxe2+ 26. Kg1 Qf5 27. Ng3 Qd3 28. Qxd3 Bxd3 29. Kh2 Kf8 30. Rac1 c6 31. Rc5 Rd4 32. Rxa5 Rb4 33. Bd1 Rxb2 34. Ra7 Rxf2 35. Rg1 Ba6 36. Ne4 Rb2 37. Nc5 e4 38. Bb3 e3 39. Nxa6 Rxb3 40. Nc5 Rb2 41. Rxb7 Rxb7 42. Nxb7 e2 43. g3 Nd3 44. a5 e1Q 45. Rxe1 Re6 46. Re3 Rxe3 47. a6 Re1 48. Nd6 Ra1 49. Kg2 c5 50. Nc4 Rxa6 51. Nb6 Ra4 52. Kf3 Rd4 53. Ke3 c4 54. Kxd4 c3 55. Nd7+ Ke7 56. Ne5 Ke6 57. Nxd3 Kf5 58. Nc5 0-1

[Event "IND-ch U12 Girls"]
[Site "Srinivasapura"]
[Date "2022.04.12"]
[Round "7"]
[White "Kathakali, Dey"]
[Black "Kalyani, Sirin"]
[Result "1/2-1/2"]
[WhiteElo "1219"]
[BlackElo "1434"]
[PlyCount "126"]
[EventDate "2022.04.09"]
[EventType "swiss"]
[EventRounds "11"]
[EventCountry "IND"]
[SourceTitle "EXT 2023"]
[Source "ChessBase"]
[SourceDate "2022.10.05"]
[SourceVersion "1"]
[SourceVersionDate "2022.10.05"]
[SourceQuality "1"]

1. Nf3 Nf6 2. d4 d5 3. c4 Bf5 4. Nc3 e6 5. Bg5 Be7 6. e3 Ne4 7. Bxe7 Qxe7 8. cxd5 Nxc3 9. bxc3 exd5 10. Bd3 Bg6 11. 0-0 0-0 12. Ne5 Bxd3 13. Qxd3 f6 14. Nf3 Nd7 15. Qb5 Nb6 16. Nd2 c6 17. Qd3 Qe6 18. a4 f5 19. a5 Nd7 20. Rfe1 Nf6 21. h3 Kh8 22. Nf3 h6 23. Ne5 Ne4 24. f3 Ng5 25. Rab1 Rab8 26. h4 Nf7 27. f4 Nxe5 28. dxe5 b6 29. axb6 axb6 30. Qd4 c5 31. Qd3 Ra8 32. Red1 Rfd8 33. Ra1 Rxa1 34. Rxa1 g5 35. hxg5 hxg5 36. Ra7 Rd7 37. Rxd7 Qxd7 38. fxg5 Qe6 39. Qd1 Qxe5 40. Qh5+ Kg8 41. Qg6+ Kf8 42. Qh6+ Kg8 43. g6 Qf6 44. Qh7+ Kf8 45. Qh6+ Kg8 46. Qh5 d4 47. Qh7+ Kf8 48. exd4 cxd4 49. g7+ Qxg7 50. Qxf5+ Qf7 51. Qc8+ Qe8 52. Qxe8+ Kxe8 53. cxd4 Ke7 54. Kf2 Ke6 55. Ke3 Kf5 56. Kd3 b5 57. Kc3 Ke4 58. g3 b4+ 59. Kc4 b3 60. Kxb3 Kxd4 61. Kc2 Ke3 62. Kd1 Kf3 63. Kd2 Kxg3 1/2-1/2